000 00785nam a22002537a 4500
001 BR8703002
003 BR-BrBNA
005 20230928092549.0
007 ta
008 230509b bl.||||| |||| 00| 0 por d
040 _aBR-BrBNA
_bpor
_cBiblioteca Nacional de Agricultura
041 _a(Por)
072 _aC20; E20
_b/G514
090 _ C20 BR8703002
110 1 _aInstituto Brasileiro de Desenvolvimento Florestal, Rio de Janeiro, RJ (Brasil)
_95750
245 1 _a1. Curso de planejamento florestal - Relatorio geral - 1976
260 3 _aRio de Janeiro, RJ (Brasil):
_c1977.
300 _a22 p.
500 _aBibliography p. 18-22 (63 ref.)
650 _aPLANEJAMENTO FLORESTAL
650 _aADMINISTRACAO FLORESTAL
909 _a202309
_bLucia
_c55
_dLucia Elande
942 _cBK
999 _c39836
_d39836